[Event "AUTO-OPEN-11"]
[Site "http://www.queenalice.com/game.php?id=1461"]
[Date "2004.10.26"]
[Round "1"]
[White "Ninja"]
[Black "Check_and_Mate"]
[Result "1-0"]
[WhiteElo "1327"]
[BlackElo "1199"]

1. e4 b6 2. d4 Bb7 3. Nc3 e6 4. Bb5 a6 5. Bd3 g6 6. Nf3 Bg7 7. Bg5 f6 8. Bf4 Ne7
9. O-O O-O 10. Qe2 d6 11. Bc4 d5 12. exd5 exd5 13. Bb3 Nbc6 14. Rfe1 Re8 15. Qd2
Nf5 16. Re2 b5 17. Rae1 Na5 18. Rxe8+ Qxe8 19. Rxe8+ Rxe8 20. Bxd5+ Bxd5 21.
Nxd5 Nc4 22. Qb4 Re4 23. Bxc7 Nh4 24. Nxh4 Rxd4 25. Ne7+ Kf7 26. Qe1 Nxb2 27.
Nf3 Rd1 28. Qxd1 1-0

[Event "AUTO-OPEN-11"]
[Site "http://www.queenalice.com/game.php?id=1462"]
[Date "2004.10.26"]
[Round "1"]
[White "Check_and_Mate"]
[Black "Ninja"]
[Result "0-1"]
[WhiteElo "1199"]
[BlackElo "1346"]

1. e4 e5 2. Nf3 Nc6 3. Bb5 Nge7 4. c3 a6 5. Ba4 d5 6. exd5 Qxd5 7. d4 exd4 8.
Qxd4 Qe6+ 9. Qe3 Bd7 10. Bb3 Qxe3+ 11. Bxe3 Nf5 12. O-O Nxe3 13. fxe3 f6 14.
Nbd2 Bc5 15. Rae1 O-O-O 16. Ne4 Bb6 17. a3 Bf5 18. Ng3 Bd3 19. Rf2 Rhe8 20. Bf7
Re7 21. Bh5 g6 22. Bg4+ f5 23. Bh3 Kb8 24. Ng5 f4 25. Ne2 Bxe3 26. Nxf4 Bxf2+
27. Kxf2 Rxe1 28. Kxe1 Bc4 0-1

[Event "AUTO-OPEN-13"]
[Site "http://www.queenalice.com/game.php?id=1509"]
[Date "2004.10.28"]
[Round "1"]
[White "Check_and_Mate"]
[Black "mandaragit"]
[Result "0-1"]
[WhiteElo "1199"]
[BlackElo "1846"]

1. e4 c5 2. Nc3 Nc6 3. Nf3 d6 4. Bb5 Bd7 5. O-O g6 6. Nd5 e6 7. Nc3 Bg7 8. d3
Nge7 9. Bf4 e5 10. Be3 O-O 11. a3 h6 12. b4 cxb4 13. Nd5 bxa3 14. Rxa3 Nxd5 15.
exd5 Ne7 16. Bc4 b5 17. Ba2 a5 18. c4 b4 19. Rb3 Ba4 20. Qd2 Bxb3 21. Bxb3 Nf5
22. Ba4 g5 23. Bc2 Nxe3 24. fxe3 f5 0-1

[Event "AUTO-OPEN-13"]
[Site "http://www.queenalice.com/game.php?id=1510"]
[Date "2004.10.28"]
[Round "1"]
[White "mandaragit"]
[Black "Check_and_Mate"]
[Result "1-0"]
[WhiteElo "1848"]
[BlackElo "1197"]

1. d4 g6 2. c4 Bg7 3. Nc3 d6 4. Nf3 Nd7 5. e4 e6 6. Be2 Ne7 7. O-O O-O 8. Re1 c5
9. Bf1 cxd4 10. Nxd4 e5 11. Ndb5 Qb6 12. Qxd6 Qxd6 13. Nxd6 Nc6 14. Nd5 Nf6 15.
Nxf6+ Bxf6 16. Be3 Be6 17. b3 Be7 18. Nxb7 Nb4 19. Rec1 f5 20. Bc5 Bxc5 21. Nxc5
Rfe8 22. Nxe6 Rxe6 23. c5 f4 24. Bc4 1-0

[Event "AUTO-OPEN-13"]
[Site "http://www.queenalice.com/game.php?id=1511"]
[Date "2004.10.28"]
[Round "1"]
[White "Check_and_Mate"]
[Black "donkiko"]
[Result "0-1"]
[WhiteElo "1163"]
[BlackElo "1319"]

1. e4 c5 2. Nc3 Nc6 3. Bb5 Nd4 4. Bc4 e6 5. Nge2 a6 6. O-O b5 7. Bd5 Ra7 8. Bb3
Nxe2+ 9. Nxe2 c4 10. Bxc4 bxc4 11. Nc3 Bb7 12. d3 cxd3 13. cxd3 h6 14. a3 Bc5
0-1

[Event "AUTO-OPEN-13"]
[Site "http://www.queenalice.com/game.php?id=1512"]
[Date "2004.10.28"]
[Round "1"]
[White "donkiko"]
[Black "Check_and_Mate"]
[Result "1-0"]
[WhiteElo "1343"]
[BlackElo "1163"]

1. c4 g6 2. d4 Bg7 3. e4 d6 4. Nc3 c5 5. Be3 Nd7 6. Nf3 e6 7. Qd2 Ne7 8. h4 O-O
9. h5 b6 10. hxg6 Nxg6 11. Bh6 Bb7 12. Bxg7 Kxg7 13. Qh6+ Kf6 14. e5+ dxe5 15.
dxe5+ 1-0

[Event "Let's Play Chess!"]
[Site "http://www.queenalice.com/game.php?id=1519"]
[Date "2004.10.28"]
[Round "-"]
[White "prrrudenz"]
[Black "Check_and_Mate"]
[Result "1-0"]
[WhiteElo "1576"]
[BlackElo "1195"]

1. e4 g6 2. d4 Bg7 3. Nf3 d6 4. Bc4 e6 5. O-O Ne7 6. Nc3 Nd7 7. a4 O-O 8. Be3 f5
9. Bxe6+ Kh8 10. Bg5 h6 11. Bd2 b6 12. Re1 c5 13. d5 fxe4 14. Nxe4 Bxb2 15. Bxh6
Bg7 16. Bxg7+ Kxg7 17. Nxd6 Ba6 18. Ng5 Qc7 19. Ndf7 Nf5 20. Ra3 1-0

[Event "AUTO-OPEN-14"]
[Site "http://www.queenalice.com/game.php?id=1557"]
[Date "2004.11.1"]
[Round "1"]
[White "voltesfive"]
[Black "Check_and_Mate"]
[Result "1-0"]
[WhiteElo "1449"]
[BlackElo "1234"]

1. e4 g6 2. d4 Bg7 3. c4 d6 4. Nc3 e6 5. f4 Ne7 6. Nf3 Nd7 7. Bd3 O-O 8. O-O c5
9. d5 Bxc3 10. bxc3 f5 11. Ng5 Rf6 12. Nxe6 Qb6 13. Rb1 Qa6 14. a3 Nb6 15. e5
dxe5 16. fxe5 Rf7 17. Nc7 Qa5 18. e6 Rf6 19. Qe2 1-0

[Event "AUTO-OPEN-14"]
[Site "http://www.queenalice.com/game.php?id=1558"]
[Date "2004.11.1"]
[Round "1"]
[White "Check_and_Mate"]
[Black "voltesfive"]
[Result "0-1"]
[WhiteElo "1227"]
[BlackElo "1456"]

1. e4 c5 2. Nc3 a6 3. Nf3 e6 4. d4 cxd4 5. Nxd4 Nc6 6. Be3 Qc7 7. Bd3 Nf6 8. O-O
Be7 9. Re1 O-O 10. a3 b5 11. g3 Bb7 12. b4 Nxd4 13. Bxd4 e5 14. Bc5 Bxc5 15. Kg2
Bd4 16. Re2 Qxc3 17. h3 d5 18. f3 Rad8 19. Kh2 dxe4 0-1

[Event "AUTO-OPEN-15"]
[Site "http://www.queenalice.com/game.php?id=1619"]
[Date "2004.11.2"]
[Round "1"]
[White "EdoVillarroel"]
[Black "Check_and_Mate"]
[Result "1-0"]
[WhiteElo "1355"]
[BlackElo "1220"]

1. e4 g6 2. d4 Bg7 3. Nc3 d6 4. Bc4 e6 5. f4 Ne7 6. Nf3 h6 7. O-O d5 8. exd5
Nxd5 9. Nxd5 exd5 10. Re1+ Be6 11. Bb3 Nc6 12. c4 dxc4 13. Bxc4 O-O 14. Bxe6
Bxd4+ 15. Nxd4 Nxd4 16. Bb3 1-0

[Event "AUTO-OPEN-15"]
[Site "http://www.queenalice.com/game.php?id=1620"]
[Date "2004.11.2"]
[Round "1"]
[White "Check_and_Mate"]
[Black "EdoVillarroel"]
[Result "0-1"]
[WhiteElo "1209"]
[BlackElo "1366"]

1. e4 e6 2. d4 d5 3. e5 c5 4. c3 Nc6 5. Bb5 Bd7 6. Nf3 Nge7 7. Bg5 Qc7 8. dxc5
Nxe5 9. Bxd7+ Nxd7 10. b4 Nc6 11. Qd2 f6 12. Bf4 e5 13. Bg3 a6 14. O-O Be7 15.
Qe2 O-O 16. Nbd2 f5 0-1

[Event "AUTO-OPEN-15"]
[Site "http://www.queenalice.com/game.php?id=1629"]
[Date "2004.11.2"]
[Round "1"]
[White "Check_and_Mate"]
[Black "voltesfive"]
[Result "0-1"]
[WhiteElo "1242"]
[BlackElo "1441"]

1. e4 d5 2. e5 Bd7 3. d4 e6 4. Nf3 a6 5. Bd3 c5 6. c4 dxc4 7. Bxc4 b5 8. Bb3 c4
9. Bc2 Bb4+ 10. Bd2 Bxd2+ 11. Nbxd2 Ne7 12. O-O O-O 13. Ne4 Bc6 14. Nd6 Ng6 15.
Ne4 Qb6 16. Re1 Nd7 0-1

[Event "AUTO-OPEN-15"]
[Site "http://www.queenalice.com/game.php?id=1630"]
[Date "2004.11.2"]
[Round "1"]
[White "voltesfive"]
[Black "Check_and_Mate"]
[Result "1-0"]
[WhiteElo "1418"]
[BlackElo "1215"]

1. e4 Nc6 2. Bc4 e6 3. Nc3 g6 4. Nf3 Bg7 5. O-O f5 6. exf5 exf5 7. d4 d6 8. Ng5
Nxd4 9. Nf7 Qf6 10. Re1+ Ne7 11. Nd5 Qh4 12. Nxe7 c6 13. Nxf5+ 1-0

[Event "AUTO-OPEN-18"]
[Site "http://www.queenalice.com/game.php?id=1788"]
[Date "2004.11.7"]
[Round "1"]
[White "RocknRoll"]
[Black "Check_and_Mate"]
[Result "1-0"]
[WhiteElo "1671"]
[BlackElo "1220"]

1. d4 g6 2. Nf3 Bg7 3. g3 d5 4. Bg2 e6 5. c3 Ne7 6. O-O Nd7 7. Bf4 O-O 8. Qd2
Nf6 9. Be5 Nc6 10. Bxf6 Qxf6 11. Qd3 b6 12. e4 1-0

[Event "AUTO-OPEN-18"]
[Site "http://www.queenalice.com/game.php?id=1789"]
[Date "2004.11.7"]
[Round "1"]
[White "Check_and_Mate"]
[Black "RocknRoll"]
[Result "0-1"]
[WhiteElo "1220"]
[BlackElo "1671"]

1. e4 e5 2. Nf3 d6 3. d4 exd4 4. Nxd4 a6 5. Nc3 h6 6. Bd3 Qf6 7. Be3 Ne7 8. O-O
Nbc6 9. Nxc6 bxc6 10. Rb1 Qg6 0-1